000 00779nam a2200193Ia 4500
001 2491
003 GE_BSU
008 181216s||||||||xx |||||||||||||| ||und||
040 _cGE_BSU
080 _a016
100 _aცქვიტინიძე, დ.
245 _aქართქველ მწერალთა შემოქმედების სწავლების მეთოდიკურ– თემატიკური ბიბლიოგრაფია .
260 _aთბილისი
260 _c1984
300 _a212 გვ
541 _h7 ლ.
653 _aქართქველ მწერალთა შემოქმედების თემატიკური ბიბლიოგრაფია; .
942 _cBK
999 _c36572
_d36572